Quelle est cette transformation de Mario? - Statistiques

Statistiques générales
  • Ce quiz a été pris 43 fois
  • Le résultat moyen est 12 sur 16
Statistiques - réponses
Par images Réponse % Correct
Mario Elephant
100%
Mario Nuage
100%
Mario Abeille
97%
Mario Costume Chat
95%
Mario de Glace
95%
Mario d'Or
95%
Mario Pingouin
92%
Mario Hélice
87%
Mario Lapin
87%
Mario Boomerang
76%
Mario Chomp
74%
Mario Arc-en-ciel
71%
Mario Raton-laveur
42%
Méga Mario
39%
Mario Volant
37%
Giga Mario Chat
11%
Aucun quiz correspondant
Distribution des résultats
% des personnes avec chaque résultat
Percentile par nombre de réponses
Votre historique - résultats
Vous n’avez pas pris ce quiz